000 00617cam a22002053a 4500
001 42346
003 PGUSA
005 20140828083947.0
008 130316s2013||||xxu|||||s|||||000 | eng d
040 _aPGUSA
_beng
042 _adc
100 1 _aGuthe, Carl E.
245 1 2 _aA Possible Solution of the Number Series on Pages 51 to 58 of the Dresden Codex
_h[electronic resource] /
_cCarl E. Guthe
260 _bProject Gutenberg,
_c2013
506 _aPublic domain in the USA.
516 _aElectronic text
830 0 _aProject Gutenberg
_v42346
856 4 0 _uhttp://www.gutenberg.org/ebooks/42346
942 _cEB
999 _c271598
_d271598